| 000 | 00000nam##2200000za#4500 |
| 001 | 9.697891 |
| 003 | CaOODSP |
| 005 | 20210927150507 |
| 007 | cr ||||||||||| |
| 008 | 150407|2001||||xxc|||||o f|0| 0 eng|d |
| 040 | |aCaOODSP|beng |
| 043 | |an-cn--- |
| 086 | 1 |aR2-117/2001E-PDF |
| 110 | 1 |aCanada. |bIndian and Northern Affairs Canada. |
| 245 | 10|aTravel in the Northwest Territories and Nunavut |h[electronic resource] |
| 260 | |aOttawa - Ontario : |bIndian and Northern Affairs |c2000. |
| 300 | |a4p.|bcoloured illus. |
| 500 | |aThe catalogue number (R2-117/2001E) and ISBN (0-662-298004) for the print edition have been incorrectly copied in this electronic publication. |
| 590 | |a13-13-Supp|b2013-05-21 |
| 690 | 07|aTransport|2gcpds |
| 690 | 07|aNorthern Canada|2gcpds |
| 690 | 07|aTravel|2gcpds |
| 775 | 08|tLes déplacements dans les Territoires du Nord-Ouest et au Nunavut |w(CaOODSP)9.641880 |
| 776 | 0#|tTravel in the Northwest Territories and Nunavut |w(CaOODSP)9.647989 |
| 856 | 40|ahttp://publications.gc.ca|qPDF|s143 KB|uhttps://publications.gc.ca/collections/collection_2013/aadnc-aandc/R2-117-2001-eng.pdf |
| 986 | |aQS-6120-008-EE-A1 |